PAUL APOSTLE OF GOD'S GLORY IN CHRIST; (Record no. 7026)
[ view plain ]
| 000 -LEADER | |
|---|---|
| fixed length control field | 00398nam a22001457a 4500 |
| 005 - DATE AND TIME OF LATEST TRANSACTION | |
| control field | 20250717113723.0 |
| 008 - FIXED-LENGTH DATA ELEMENTS--GENERAL INFORMATION | |
| fixed length control field | 250717b |||||||| |||| 00| 0 eng d |
| 020 ## - INTERNATIONAL STANDARD BOOK NUMBER | |
| International Standard Book Number | 9781844741649 |
| 050 ## - LIBRARY OF CONGRESS CALL NUMBER | |
| Classification number | BS2651 |
| Item number | .S277 SCH |
| 100 ## - MAIN ENTRY--PERSONAL NAME | |
| Personal name | SCHREINER THOMAS R. |
| 245 ## - TITLE STATEMENT | |
| Title | PAUL APOSTLE OF GOD'S GLORY IN CHRIST; |
| Remainder of title | A PAULINE THEOLOGY |
| 260 ## - PUBLICATION, DISTRIBUTION, ETC. | |
| Place of publication, distribution, etc. | LEICESTER |
| Name of publisher, distributor, etc. | IVP ACADEMIC |
| 300 ## - PHYSICAL DESCRIPTION | |
| Extent | 505p |
| 942 ## - ADDED ENTRY ELEMENTS (KOHA) | |
| Source of classification or shelving scheme | Library of Congress Classification |
| Koha item type | Books |
| Suppress in OPAC | No |
| 999 ## - | |
| -- | 7026 |
| -- | 7026 |
| Withdrawn status | Lost status | Source of classification or shelving scheme | Damaged status | Not for loan | Collection | Home library | Current library | Shelving location | Date acquired | Total checkouts | Full call number | Barcode | Date last seen | Copy number | Price effective from | Koha item type |
|---|---|---|---|---|---|---|---|---|---|---|---|---|---|---|---|---|
| Library of Congress Classification | Non-fiction | Business Library (Miotso) | Business Library (Miotso) | General stacks | 03/04/2026 | BS2651.S277 SCH | BSSM00002440 | 03/04/2026 | 1 | 03/04/2026 | Books | |||||
| Library of Congress Classification | Non-fiction | Undergraduate Library (Christ Temple) | Undergraduate Library (Christ Temple) | General stacks | 07/17/2025 | BS2651.S277 SCH | ulct00003927 | 07/17/2025 | 1 | 07/17/2025 | Books | |||||
| Library of Congress Classification | Non-fiction | Undergraduate Library (Christ Temple) | Undergraduate Library (Christ Temple) | General stacks | 07/17/2025 | BS2651.S277 SCH | ulct00003928 | 07/17/2025 | 2 | 07/17/2025 | Books |